Australian Birds by Picture #2 - Statistics

General Stats
  • This quiz has been taken 216 times
  • The average score is 12 of 20
Answer Stats
Picture Answer % Correct
Australian Pelican
99%
Southern Cassowary
97%
Superb Lyrebird
89%
{Little} Penguin
88%
Cockatiel
76%
{Major Mitchell's} Cockatoo
73%
Grey Butcherbird
67%
{Wedge-tailed} Eagle
65%
{Magpie} Goose
64%
Satin Bowerbird
62%
{Gouldian} Finch
56%
Rainbow Bee-eater
56%
Common Bronzewing
52%
Southern Boobook
44%
Striated Pardalote
44%
Eastern Whipbird
41%
White-winged Chough
34%
Crested Shrike-tit
28%
Figbird
28%
Mistletoebird
26%
No matching quizzes found
Score Distribution
Percent of People with Each Score
Percentile by Number Answered
Your Score History
You have not taken this quiz